Моделирование состава вакуумного газойля как сырья процесса гидрокрекинга; Добыча, подготовка, транспорт нефти и газа

Bibliografiska uppgifter
Parent link:Добыча, подготовка, транспорт нефти и газа.— 2023.— С. 138-139
Institutionell upphovsman: Национальный исследовательский Томский политехнический университет (570)
Övriga upphovsmän: Григораш М. С. Михаил Степанович, Назарова Г. Ю. Галина Юрьевна, Самойлов Е. Р. Евгений Романович, Чузлов В. А. Вячеслав Алексеевич, Дементьев А. Ю. Александр Юрьевич, Ивашкина Е. Н. Елена Николаевна
Sammanfattning:Заглавие с экрана
Språk:ryska
Publicerad: 2023
Ämnen:
Länkar:https://www.elibrary.ru/item.asp?id=54745231
Materialtyp: MixedMaterials Elektronisk Bokavsnitt
KOHA link:https://koha.lib.tpu.ru/cgi-bin/koha/opac-detail.pl?biblionumber=674390

MARC

LEADER 00000naa0a2200000 4500
001 674390
005 20250822132404.0
090 |a 674390 
100 |a 20240905d2023 k||y0rusy50 ca 
101 0 |a rus 
102 |a RU 
135 |a drcn ---uucaa 
181 0 |a i   |b  e  
182 0 |a b 
183 0 |a cr  |2 RDAcarrier 
200 1 |a Моделирование состава вакуумного газойля как сырья процесса гидрокрекинга  |f М. С. Григораш, Г. Ю. Назарова, Е. Р. Самойлов [и др.] 
203 |a Текст  |c электронный  |b визуальный 
283 |a online_resource  |2 RDAcarrier 
300 |a Заглавие с экрана 
320 |a Литература: 3 назв. 
463 1 |t Добыча, подготовка, транспорт нефти и газа  |l материалы X Международной конференции, Томск, 2-6 Октября 2023  |v С. 138-139  |d 2023  |c Томск  |n ИХН СО РАН 
610 1 |a электронный ресурс 
610 1 |a труды учёных ТПУ 
701 1 |a Григораш  |b М. С.  |g Михаил Степанович  |f 2000-  |c химик-технолог  |c инженер Томского политехнического университета  |y Томск  |9 23085 
701 1 |a Назарова  |b Г. Ю.  |c химик  |c доцент Томского политехнического университета, кандидат технических наук  |f 1990-  |g Галина Юрьевна  |9 18715 
701 1 |a Самойлов  |b Е. Р.  |g Евгений Романович 
701 1 |a Чузлов  |b В. А.  |c химик  |c доцент Томского политехнического университета, кандидат технических наук  |f 1991-  |g Вячеслав Алексеевич  |9 17463 
701 1 |a Дементьев  |b А. Ю.  |g Александр Юрьевич 
701 1 |a Ивашкина  |b Е. Н.  |c химик-технолог  |c профессор Томского политехнического университета, доктор технических наук  |f 1983-  |g Елена Николаевна  |y Томск  |9 11119 
712 0 2 |a Национальный исследовательский Томский политехнический университет  |c (2009- )  |4 570  |9 26305 
801 0 |a RU  |b 63413507  |c 20240905  |g RCR 
856 4 |u https://www.elibrary.ru/item.asp?id=54745231  |z https://www.elibrary.ru/item.asp?id=54745231 
942 |c CF